000 00579nam a2200217 a 4500
001 0001-2103
003 ELIB.Books
008 190723 2010 eng
020 _aKBTS
092 _a253
_bKil
100 _aKilinski, Kenneth K.
245 _aOrganization and Leadership in the Local Church
260 _aGrand Rapids
_bZondervan Publishing House
_c1973
300 _a253
_c22.5cm
650 _aLeadership
856 _nKBTS Library
_uKBTS Elib
942 _2ddc
_cBK
990 _a1
998 _aEnglishbooks.elf
_ccat
_e2019-07-23
999 _c12103
_d12103